Stroje pre rastlinnú výrobu 2 Stroje pre zber krmovín, obilnín, kukurice, ďatelovín, tráv, strukovín, elejnín, priadnych rastlín, chmeľu, tabaku, liečivých rastlín

Bibliographic Details
Main Author: Jech, Ján, 1938-2020 (Author)
Format: Book
Language:Slovak
PhysicalDescription:376 s. grafy, sch. 29 cm
Published: Bratislava Nitra Príroda VŠP 1984
Edition:3. preprac. vyd.
Subjects:

MARC

LEADER 00000nam a2200000 a 4500
001 vtls001119770
003 SK-MaSNL
005 20260301062734.0
008 240318s1984 xo 00000 slo
015 |a SNBA1984/10 
035 |a SNK000062613 
040 |a SNK  |b slo  |c SNK  |e AACR2 
041 0 |a slo 
044 |a xo  |c SK 
080 |a 631.3(075.8)  |2 1981 
100 1 |a Jech, Ján,  |d 1938-2020  |4 aut  |9 192657 
245 1 0 |a Stroje pre rastlinnú výrobu  |n 2  |p Stroje pre zber krmovín, obilnín, kukurice, ďatelovín, tráv, strukovín, elejnín, priadnych rastlín, chmeľu, tabaku, liečivých rastlín  |c Ján Jech 
250 |a 3. preprac. vyd. 
260 |a Bratislava  |b Príroda  |a Nitra  |b VŠP  |c 1984 
300 |a 376 s.  |b grafy, sch.  |c 29 cm 
366 |e 800 výt. 
504 |a Bibliogr. 
650 0 7 |a poľnohospodárske stroje  |2 SNKPH  |9 3574 
650 0 7 |a rastlinná výroba  |2 SNKPH  |9 2835 
655 7 |a učebnice vysokých škôl  |2 SNKPH  |9 70191 
958 |a OND 
958 |a NB 
999 |c 621710  |d 623640 
952 |a SNK  |b SNK  |y PREZ  |7 0  |p 17A0781898  |o snkSB 35798/2  |0 0  |1 0  |4 0  |d 2012-03-21  |l 0  |r 2025-04-14 00:00:00  |w 2026-02-23 
952 |t P60, <04>, [BOOK], {604}  |a SNK  |b SNK  |y VYP  |7 0  |p 17A0211013  |o snkSB 35798/2 D1  |0 0  |1 0  |4 0  |d 1999-09-17  |l 0  |r 2004-12-31 00:00:00  |w 2026-02-23